00770nam a22002537a 4500003000500000005001700005008004100022010001000063011001000073035001000083040000900093082001200102100002000114245006500134260003600199300002300235490006700258650002500325650004000350650001500390650002300405700002100428830006700449CHAP20220329135843.0971013s1981 r 00010 d a43339 a44311 a48449 cCHAP a634bF700aFriend, J.eed. aRecent advances in the biochemistry of fruits and vegetables aLondon :bAcademic Press,c1981 a275 p.b: gráfs. aAnnual proceedins of the phytochemical society of Europev; 1914aFrutaxBioquímica.14aFrutaxFisiología y morfología.14aLegumbres.14aQuímica vegetal.0 aRhodes, M. J. C.0 aAnnual proceedins of the phytochemical society of Europev; 19